Madness as religious experience: The case of Allen Ginsberg
Various writers have considered madness to be a religious experience. On the basis of the literature in the area and conversations with psychiatric patients, it is argued that madness as a religious experience can be viewed as a four-stage developmental process. The four stages are: 1) The hurt-and-...
| Main Author: | |
|---|---|
| Format: | Electronic Article |
| Language: | English |
| Check availability: | HBZ Gateway |
| Interlibrary Loan: | Interlibrary Loan for the Fachinformationsdienste (Specialized Information Services in Germany) |
| Published: |
[1982]
|
| In: |
Journal of religion and health
Year: 1982, Volume: 21, Issue: 2, Pages: 145-151 |
| Further subjects: | B
Religious Experience
B Developmental Process B Psychiatric Patient B Psychotic Episode B World View |
| Online Access: |
Volltext (Resolving-System) |
MARC
| LEADER | 00000naa a22000002c 4500 | ||
|---|---|---|---|
| 001 | 1669166236 | ||
| 003 | DE-627 | ||
| 005 | 20190715165033.0 | ||
| 007 | cr uuu---uuuuu | ||
| 008 | 190715s1982 xx |||||o 00| ||eng c | ||
| 024 | 7 | |a 10.1007/BF02276778 |2 doi | |
| 035 | |a (DE-627)1669166236 | ||
| 035 | |a (DE-599)KXP1669166236 | ||
| 040 | |a DE-627 |b ger |c DE-627 |e rda | ||
| 041 | |a eng | ||
| 084 | |a 0 |2 ssgn | ||
| 100 | 1 | |e VerfasserIn |0 (DE-588)105617627X |0 (DE-627)794464041 |0 (DE-576)412716283 |4 aut |a Wasserman, Martin | |
| 109 | |a Wasserman, Martin | ||
| 245 | 1 | 0 | |a Madness as religious experience |b The case of Allen Ginsberg |c Martin Wasserman |
| 264 | 1 | |c [1982] | |
| 336 | |a Text |b txt |2 rdacontent | ||
| 337 | |a Computermedien |b c |2 rdamedia | ||
| 338 | |a Online-Ressource |b cr |2 rdacarrier | ||
| 520 | |a Various writers have considered madness to be a religious experience. On the basis of the literature in the area and conversations with psychiatric patients, it is argued that madness as a religious experience can be viewed as a four-stage developmental process. The four stages are: 1) The hurt-and-be-hurt state of being, 2) The self-induced psychedelic experience, 3) The confusion-and-dread reaction, and 4) The reconstruction-with-insight world view. To clarify how these four stages make up a religious experience, the poet Allen Ginsberg's so-called psychotic episode is organized around each of the stages. | ||
| 601 | |a Ginsberg, Allen | ||
| 650 | 4 | |a Developmental Process | |
| 650 | 4 | |a Psychiatric Patient | |
| 650 | 4 | |a Psychotic Episode | |
| 650 | 4 | |a Religious Experience | |
| 650 | 4 | |a World View | |
| 773 | 0 | 8 | |i Enthalten in |t Journal of religion and health |d New York, NY [u.a.] : Springer Science + Business Media B.V., 1961 |g 21(1982), 2, Seite 145-151 |h Online-Ressource |w (DE-627)320578089 |w (DE-600)2017250-3 |w (DE-576)121466191 |x 1573-6571 |7 nnas |
| 773 | 1 | 8 | |g volume:21 |g year:1982 |g number:2 |g pages:145-151 |
| 856 | 4 | 0 | |u https://doi.org/10.1007/BF02276778 |x Resolving-System |3 Volltext |7 1 |
| 951 | |a AR | ||
| ELC | |a 1 | ||
| ITA | |a 1 |t 1 | ||
| LOK | |0 000 xxxxxcx a22 zn 4500 | ||
| LOK | |0 001 3493410239 | ||
| LOK | |0 003 DE-627 | ||
| LOK | |0 004 1669166236 | ||
| LOK | |0 005 20190715144430 | ||
| LOK | |0 008 190715||||||||||||||||ger||||||| | ||
| LOK | |0 040 |a DE-Tue135 |c DE-627 |d DE-Tue135 | ||
| LOK | |0 092 |o n | ||
| LOK | |0 852 |a DE-Tue135 | ||
| LOK | |0 852 1 |9 00 | ||
| LOK | |0 935 |a ixzs |a ixzo |a rwrk | ||
| LOK | |0 939 |a 15-07-19 |b l01 | ||
| ORI | |a SA-MARC-ixtheoa001.raw | ||
| REL | |a 1 | ||
| SUB | |a REL | ||



